BSOP header

男人與怒氣 = Nan ren yu nu qi = Men's and anger {ch} / (Record no. 39302)

MARC details
000 -LEADER
fixed length control field 00858cam a2200265 i 4500
001 - CONTROL NUMBER
control field .b22039260
008 - FIXED-LENGTH DATA ELEMENTS--GENERAL INFORMATION
fixed length control field 100304s2008 cc ad b 000 0 chi d
020 ## - INTERNATIONAL STANDARD BOOK NUMBER
International Standard Book Number 9789622087262 (平裝)
040 ## - CATALOGING SOURCE
Original cataloging agency NTNU
Language of cataloging chi
Transcribing agency NTNU
Description conventions CCR
041 0# - LANGUAGE CODE
Language code of text/sound track or separate title chi
042 ## - AUTHENTICATION CODE
Authentication code nbic
050 ## - LIBRARY OF CONGRESS CALL NUMBER
Classification number HQ1090
100 ## - MAIN ENTRY--PERSONAL NAME
Personal name 曾立煌
245 00 - TITLE STATEMENT
Title 男人與怒氣 = Nan ren yu nu qi = Men's and anger {ch} /
Statement of responsibility, etc 曾立煌著
250 ## - EDITION STATEMENT
Edition statement 初版
260 ## - PUBLICATION, DISTRIBUTION, ETC. (IMPRINT)
Place of publication, distribution, etc 香港九龍 :
Name of publisher, distributor, etc 天道書樓,
Date of publication, distribution, etc 2008.03.
300 ## - PHYSICAL DESCRIPTION
Extent 150面 :
Other physical details 圖, 圖表 ;
Dimensions 18公分
440 ## - SERIES STATEMENT/ADDED ENTRY--TITLE
Title Men's growth series.
500 ## - GENERAL NOTE
General note 國科會硏究人文及社會科學硏究圖書設備計畫, 規劃主題:心理適應與心理衛生
500 ## - GENERAL NOTE
General note 版權頁英文題名 : Men's and anger.
504 ## - BIBLIOGRAPHY, ETC. NOTE
Bibliography, etc 參考書目 : 面139-150.
650 ## - SUBJECT ADDED ENTRY--TOPICAL TERM
Topical term or geographic name as entry element Men -- Psychology {ch}.
700 1# - ADDED ENTRY--PERSONAL NAME
Personal name 曾立煌
942 ## - ADDED ENTRY ELEMENTS (KOHA)
Source of classification or shelving scheme Library of Congress Classification
Holdings
Withdrawn status Lost status Source of classification or shelving scheme Damaged status Not for loan Home library Current library Shelving location Date acquired Accession number Total Checkouts Full call number Barcode Date last seen Price effective from Koha item type
    Library of Congress Classification     BSOP Library BSOP Library Chinese Books (General Circulation) 07/04/2015 C-14592   HQ1090 T78 00046997 07/04/2015 07/04/2015 Books
BSOP

Biblical Seminary of the Philippines
  All rights Reserved
  © 2024

CONTACT INFORMATION

Biblical Seminary of the Philippines,
  77-B Karuhatan Road, Valenzuela City,
  PHILIPPINES 1441
  Phone: +632 8292-6795 / 8292-6798
  Fax : +632 8292-6675
  Email: library@bsop.edu.ph